000 00803cam a2200229 a 4500
001 2597996
005 20250124102040.0
008 970521s1998 maua b 001 0 eng
020 _a0070217289
020 _a9780070217287
050 0 0 _aHG6049
_b.F467 1998
082 0 0 _a332.64/41/0973
_221
100 1 _aFerris, John N.
245 1 0 _aAgricultural prices and commodity market analysis /
_cJohn N. Ferris.
260 _aBoston, Mass. :
_bWCB/McGraw Hill,
_cc1998.
300 _axviii, 361 p. :
_bill. ;
_c25 cm.
650 0 _aCommodity exchanges
_zUnited States.
650 0 _aAgricultural prices
_zUnited States
_xForecasting.
650 0 _aFarm produce
_zUnited States
_xMarketing.
856 4 2 _3Publisher description
_uhttp://www.loc.gov/catdir/description/mh023/97022841.html
942 _2lcc
_cBK
_n0
999 _c2969
_d2969